Transport theory of inhomogeneous fluids

Sparad:
Bibliografiska uppgifter
Huvudupphovsman: Pozhar, Liudmila A
Materialtyp: Bok
Språk:Vietnamese
Publicerad: World Scientific 1994
Taggar: Lägg till en tagg
Inga taggar, Lägg till första taggen!
Thư viện lưu trữ: Mạng thư viện Đại học Đà Nẵng
LEADER 00633nam a2200253 4500
001 000021607
003 18055
005 20150422100407.0
008 150422s1994 viesd
020 |c 00 
041 0 |a vie 
082 1 4 |a 530,425  |b PO-L 
100 1 |a Pozhar, Liudmila A 
245 1 0 |a Transport theory of inhomogeneous fluids  |c Liudmila A. Pozhar 
260 |b World Scientific  |c 1994 
300 |a tr.  |c cm. 
OWN |a LSP 
999 |a From the UDN01 
TYP |a Monograph 
TYP |a Printed language 
980 |a Mạng thư viện Đại học Đà Nẵng